Statistiques concernant Joueurs de l'équipe de France de rugby (2020 - …).

Cliquez ici pour prendre le quiz!

Statistiques générales

  • Ce quiz a été pris 6 227 fois
    (422 depuis la dernière actualisation)
  • Le résultat moyen est 47 sur 93

Statistiques - réponses

Sél. (Ti.)PosteJoueurClub(s)Pts.% Correct
32 (32)Demi de mêléeAntoine DupontStade toulousain45
100%
37 (36)AilierDamian PenaudASM Clermont, Union Bordeaux Bègles155
97%
39 (39)CentreGaël FickouStade français, Racing 9240
96%
38 (37)3e ligne centreGrégory AlldrittStade rochelais5
96%
36 (32)TalonneurJulien MarchandStade toulousain5
95%
26 (25)Demi d'ouvertureRomain NtamackStade toulousain103
95%
34 (20)Demi d'ouvertureMatthieu JalibertUnion Bordeaux Bègles89
94%
27 (20)ArrièreThomas RamosStade toulousain271
93%
33 (33)3e ligne aileCharles OllivonRC Toulon70
92%
35 (34)PilierCyril BailleStade toulousain15
92%
21 (9)Demi de mêléeMaxime LucuUnion Bordeaux Bègles10
92%
33 (11)TalonneurPéato MauvakaStade toulousain40
91%
30 (23)PilierUini AtonioStade rochelais10
91%
30 (23)3e ligne aileFrançois CrosStade toulousain5
90%
25 (23)CentreJonathan DantyStade français, Stade rochelais30
85%
18 (13)ArrièreMelvyn JaminetUSA Perpigan, Stade toulousain, RC Toulon211
85%
25 (18)2e ligneThibaut FlamentStade toulousain25
85%
28 (26)3e ligne aileAnthony JelonchCastres olympique, Stade toulousain15
82%
27 (18)CentreYoram MoefanaUnion Bordeaux Bègles20
82%
30 (24)3e ligne aileCameron WokiUnion Bordeaux Bègles, Racing 9210
78%
36 (9)2e ligneRomain TaofifénuaRC Toulon, Lyon OU10
78%
5 (0)PilierSébastien TaofifénuaLyon OU-
78%
27 (24)2e lignePaul WillemseMontpellier HR10
77%
16 (16)AilierGabin VillièreRC Toulon35
75%
18 (6)3e ligne aileSekou MacalouStade français10
73%
13 (5)Demi de mêléeBaptiste CouilloudLyon OU15
72%
11 (2)Demi de mêléeBaptiste SerinRC Toulon10
71%
8 (8)ArrièreBrice DulinStade rochelais20
70%
15 (5)PilierDorian AldegheriStade toulousain-
70%
11 (9)AilierLouis Bielle-BiarreyUnion Bordeaux Bègles30
69%
5 (2)Demi de mêléeNolann Le GarrecRacing 9210
69%
5 (3)Demi d'ouvertureAntoine HastoySection paloise, Stade rochelais5
66%
18 (12)CentreArthur VincentMontpellier HR5
66%
27 (8)PilierJean-Baptiste GrosRC Toulon-
66%
12 (10)AilierTeddy ThomasRacing 92, Stade rochelais25
66%
12 (2)TalonneurPierre BourgaritStade rochelais5
63%
2 (2)CentreNicolas DepoortereUnion Bordeaux Bègles-
61%
2 (2)2e ligneEmmanuel MeafouStade toulousain-
60%
6 (4)AilierMatthis LebelStade toulousain10
60%
16 (13)PilierMohammed HaouasMontpellier HR, Biarritz olympique-
60%
2 (2)ArrièreLéo BarréStade français5
58%
15 (3)PilierReda WardiStade rochelais-
58%
7 (1)TalonneurCamille ChatRacing 92-
56%
19 (5)PilierDemba BambaLyon OU-
55%
10 (4)3e ligne ailePaul BoudehentStade rochelais-
55%
3 (1)2e lignePosolo TuilagiUSA Perpignan-
53%
23 (10)3e ligne aileDylan CretinLyon OU5
51%
2 (0)PilierGeorges-Henri ColombeStade rochelais5
50%
6 (6)AilierEthan DumortierLyon OU10
48%
5 (2)Demi d'ouvertureLouis CarbonelRC Toulon, Montpellier HR16
46%
8 (6)ArrièreAnthony BouthierMontpellier HR5
44%
1 (1)CentreEmilien GailletonSection paloise-
43%
7 (3)TalonneurGaëtan BarlotCastres olympique-
42%
7 (1)2e ligneBastien ChalureauMontpellier HR-
40%
4 (0)PilierDany PrisoStade rochelais, RC Toulon-
40%
13 (1)PilierSipili FalateaASM Clermont, Union Bordeaux-Bègles5
40%
5 (5)AilierVincent RattezStade rochelais, Montpellier HR, Lyon OU5
40%
4 (0)2e ligneAlexandre RoumatStade toulousain-
39%
11 (11)CentreVirimi VakatawaRacing 9210
39%
2 (1)CentrePierre-Louis BarassiLyon OU, Stade toulousain5
35%
10 (10)2e ligneBernard Le RouxRacing 92-
33%
2 (2)2e lignePaul GabrillaguesStade français5
33%
3 (1)PilierJefferson PoirotUnion Bordeaux Bègles-
32%
3 (3)3e ligne aileYoan Tanga MangeneRacing 92, Stade rochelais-
31%
2 (1)3e ligne centreSelevasio TolofuaStade toulousain, RC Toulon-
27%
2 (2)2e ligneThomas JolmèsUnion Bordeaux Bègles-
27%
1 (0)AilierArthur RetièreStade rochelais, Stade toulousain-
25%
4 (2)2e ligneBaptiste PesentiSection paloise, Racing 92, Stade français-
25%
1 (0)3e ligne aileEsteban AbadieRC Toulon-
25%
1 (0)PilierThomas LaclayatRacing 92-
25%
1 (1)ArrièreMax SpringRacing 92-
23%
1 (1)AilierAlivereti RakaASM Clermont-
21%
3 (1)2e ligneSwan RebbadjRC Toulon5
21%
1 (0)Demi de mêléeSébastien BézyASM Clermont-
20%
1 (0)TalonneurTeddy BaubignyRacing 92, RC Toulon-
20%
2 (0)Demi de mêléeTeddy IribarenRacing 92, Stade rochelais-
20%
4 (1)2e ligneCyril CazeauxUnion-Bordeaux-Bègles-
18%
3 (1)PilierHassane KolingarRacing 92-
17%
4 (3)2e ligneKilian GéraciLyon OU-
17%
2 (1)PilierRodrigue NetiStade toulousain-
17%
2 (0)2e ligneBoris PaluRacing 92-
15%
2 (1)3e ligne aileIbrahim DialloRacing 92-
15%
1 (0)CentreJulien HériteauRC Toulon, ASM Clermont-
14%
2 (0)2e ligneThomas LavaultStade rochelais-
14%
3 (0)TalonneurAnthony ÉtrillardRC Toulon-
13%
2 (1)PilierEnzo ForlettaMontpellier HR-
13%
3 (1)2e ligneFlorian VerhaegeMontpellier HR-
13%
1 (1)PilierWilfrid HounkpatinCastres olympique-
13%
1 (0)3e ligne centreAlex BécognéeMontpellier HR-
12%
1 (1)CentreJean-Pascal BarraqueASM Clermont, USA Perpignan-
12%
2 (2)3e ligne ailePierre-Henri AzagohStade français-
11%
1 (0)2e ligneGuillaume DucatAvrion bayonnais, Section paloise-
10%
2 (0)PilierQuentin WalckerUSA Perpignan, Castres olympique-
9%

Distribution des résultats

Percentile par nombre de réponses

% des personnes avec chaque résultat

Votre développement - résultats

Vous n’avez pas pris ce quiz depuis la dernière actualisation